000 01026ngm a2200301 a 4500
005 20220317001345.0
007 ta
008 161108s2005 ck 30 j 000 mlspa d
020 _a9781563319934
040 _aCO-BoRNBP
_bspa
_erda
_cCO-BoRNBP
041 0 _aspa
082 0 4 _a611.3
_bD37a
_222
110 2 _aDiscovery Communications
_9189926
245 _aAtlas del cuerpo humano, 3
_bprocesador de alimentos
_cDiscovery Communications
250 _aPrimera edición
264 _aBogotá
_bMS Tv & Videos
_c2005
300 _a1 DVD (24 minutos)
_bestéreo, color
_c19 cm
336 _aimagen bidimensional
_btxt
_2rdacontent
337 _avideo
_bn
_2rdamedia
338 _avideodisco
_bnc
_2rdacarrier
490 _aDiscovery Channel. Educación. Estudios sociales
521 _aRecomendado para un público mayor de 15 años
650 1 7 _aAparato digestivo
_vDVD
_2LEMB
650 1 7 _aAnatomía humana
_vDVD
_2LEMB
650 1 7 _aCuerpo humano
_vDVD
_2LEMB
650 1 7 _aSistema digestivo
_vDVD
_2LEMB
942 _2ddc
_cDVD
999 _c6722
_d6722